| 000 | 00357nam a22001451a 4500 | ||
|---|---|---|---|
| 082 |
_a573.2 _bSAH/M |
||
| 100 | _aSaharsh B | ||
| 245 |
_aManushya vikasathinte adisthana thathwangal/ _cby Saharsh B |
||
| 260 |
_bB Saharsh, _c2001. _a |
||
| 300 | _a257p. | ||
| 650 | _aGenetics Humankind | ||
| 650 | _aHuman anthropology | ||
| 650 | _aScience | ||
| 942 | _cBK | ||
| 999 |
_c27706 _d27706 |
||